000 00474nam a2200181Ia 4500
008 180523s9999 xx 000 0 und d
020 _a978-81-7245-037-3
050 _aREF PN 6421
050 _b.N45
100 _aNelson, Jens.
245 0 _aDictionary of proverbs /
245 0 _cJens Nelson.
260 _aNew Delhi, India :
260 _bGoodwill Publishing House,
300 _a202 pages :
300 _c22 cm.
650 _aProverbs, English -- Dictionaries.
999 _c357886
_d357886